Statistics for Top Scorers Bundesliga 2016-17

Click here to take the quiz!

General Stats

  • This quiz has been taken 43 times
    (27 since last reset)
  • The average score is 10 of 15

Answer Stats

# Player Club Goals % Correct
2Robert LewandowskiBayern Munich30
100%
1Pierre-Emerick AubameyangBorussia Dortmund31
91%
4Timo WernerRB Leipzig21
91%
8Arjen RobbenBayern Munich13
91%
3Anthony ModesteKoln25
78%
5Mario GomezVfL Wolfsburg16
78%
9Vedad IbisevicHertha Berlin12
74%
10Sandro WagnerHoffenheim11
70%
6Andrej KramaricHoffenheim15
61%
6Max KruseWerder Bremen15
61%
10Lars StindlBorussia M'Gladbach11
61%
15Nils PetersenSC Freiburg10
61%
10Serge GnabryWerder Bremen11
48%
10Javier HernandezBayer Leverkusen11
48%
10Florian NiederlechnerSC Freiburg11
26%

Score Distribution

Percentile by Number Answered

Percent of People with Each Score

Your Score History

You have not taken this quiz since the last reset